Slovak Heritage

Bibliographic Details
Format: Serial
Language:Slovak
English
PhysicalDescription:5 zv. 28 cm
Published: Detroit (Michigan) Jan Beliansky 1975-1979
Subjects:

MARC

LEADER 00000cas a2200000 a 4500
001 vtls001323379
003 SK-MaSNL
005 20260228155649.0
008 171030d19751979uc m| 0 0 0slo
035 |a SNK000276072 
040 |a SNK  |b slo  |c SNK  |e AACR2 
041 0 |a slo  |a eng 
044 |a xxu  |c US 
072 7 |a 323  |x Vnútropolitický vývoj, politický život  |2 konspekt 
080 |a 323.15  |2 2011 
080 |a (=162.4)  |2 2011 
080 |a (73)  |2 2011 
080 |a 314.15-026.49(051)+(054)  |2 2011 
245 0 0 |a Slovak Heritage 
246 1 1 |a Dedičstvo Slovákov 
260 |a Detroit (Michigan)  |b Jan Beliansky  |c 1975-1979 
300 |a 5 zv.  |c 28 cm 
310 |a 1x mesačne 
362 |a Sept. 1975 - č. 35 (okt.1979)  |z Exilové periodika/Formanová, Gruntorád, Přibáň/1999 č. zázn. 998 
500 |a Podnázov v tiráži: sept./1975-: nezávislý mesačník ; Slovak Heritage is an independent monthly 
500 |a Uvedené č. 20/1978, správne má byť č. 21/1978 
515 |a Niektoré čísla vychádzajú ako dvojčíslo 
650 0 7 |a Slováci v zahraničí  |2 SNKPH  |9 14695 
651 7 |a Spojené štáty americké  |2 SNKPH  |9 18262 
655 7 |a krajanské periodiká  |2 SNKPH  |9 110004 
850 |a Slovenská národná knižnica v Martine 
910 |a snk 
916 |a 1975-1979 
958 |a OND 
999 |c 128  |d 128 
952 |0 0  |1 0  |4 0  |7 0  |8 2  |a SNK  |b SNK  |d 2000-10-12  |f 1  |i snkV 630/1995  |l 0  |o snkČSB 4380/1978  |p 17A0254972  |r 2005-01-02 00:00:00  |t č. 19-29  |w 2026-02-21  |y PREZ 
952 |0 0  |1 0  |4 0  |7 0  |8 1  |a SNK  |b SNK  |d 1998-03-05  |f 1  |i snkD 717/98  |l 0  |o snkČSB 4380/2/1976  |p 17A1265325  |r 2005-01-02 00:00:00  |t č. 5-7  |w 2026-02-21  |y PREZ 
952 |0 0  |1 0  |4 0  |7 0  |a SNK  |b SNK  |d 2013-01-31  |l 0  |o snkČSB 4380/1978 D1  |p 17A1053251  |r 2026-02-21 21:23:49  |t č. 19-29, neúplné  |w 2026-02-21  |y PREZ  |z Chýba č. 23, 25-26, 28-29 
952 |0 0  |1 0  |4 0  |7 0  |8 1  |a SNK  |b SNK  |d 2017-10-30  |f 1  |i snkD 716/98  |l 0  |o snkČSB 4380/1/1975  |p 17A0857091  |r 2026-02-21 22:04:51  |t č. sept.-dec.  |w 2026-02-21  |y PREZ  |z Č. 4 dec. - Vianoce 
952 |0 0  |1 0  |4 0  |7 0  |8 1  |a SNK  |b SNK  |d 2017-10-30  |f 1  |i snkD 718/98  |l 0  |o snkČSB 4380/1979  |p 17A0857243  |r 2026-02-21 22:04:54  |t č. 30-35, neúplné  |w 2026-02-21  |y PREZ  |z Chýba č. 31 ; č. 30 (jan.)-35 (okt.) 
952 |0 0  |1 0  |4 0  |7 0  |a SNK  |b SNK  |d 2017-11-02  |f 1  |l 0  |o snkČSB 4380/1977  |p 17A1265343  |r 2026-02-21 22:05:01  |t len č. 18  |w 2026-02-21  |y PREZ  |z Č. 18 (dec.) 
952 |0 0  |1 0  |4 0  |7 0  |a SNK  |b SNK  |d 2017-10-30  |l 0  |o snkČSB 4380/1979 D1  |p 17A1265326  |r 2026-02-21 22:05:07  |t č. 30-35, neúplné  |w 2026-02-21  |y PREZ  |z Chýba č. 30, 31, 34-35 ; je len č. 32 (mar.) a č. 33 (apr.)